Technical dictionary: english-spanish

Guardat en:
Dades bibliogràfiques
Autor principal: Malgorn, Guy (autor)
Format: Llibre
Idioma:espanyol
anglès
Publicat: Madrid Paraninfo 2001
Edició:15a. ed
Matèries:
Etiquetes: Afegir etiqueta
Sense etiquetes, Sigues el primer a etiquetar aquest registre!

MARC

LEADER 00000nam a2200000 a 4500
001 UCO9986
003 CL-VaPUC
008 010316e20010000SP |||||||||||||||||spa|d
041 0 7 |a spa  |2 CL-VaPUC 
041 0 7 |a eng  |2 CL-VaPUC 
082 0 4 |a 423.61  |b MAL  |2 21 
100 |a Malgorn, Guy  |e autor  |9 537894 
245 1 0 |a Technical dictionary: english-spanish 
246 1 0 |a Diccionario técnico: inglés-español 
250 |a 15a. ed 
300 |a 606 p 
942 |c BK 
945 |d 20010316 00:00:00  |a vberengu 
260 |a Madrid  |b Paraninfo  |c 2001 
650 0 |a Diccionarios  |9 256200 
650 0 |a Inglés  |9 260023 
650 0 |a Español  |9 255372 
583 |a last modification  |c 20010316 00:00:00  |k Rodrigo Vera 
999 |c 293998  |d 293996 
952 |0 0  |1 0  |4 0  |6 423_610000000000000_MAL_2001  |7 0  |8 X  |9 345828  |a BIBEDU  |b BIBEDU  |d 2019-11-20  |i 3701557  |o 423.61 MAL 2001  |p 3701557  |r 2023-01-13  |w 2019-11-20  |y BK_X  |k CIT